| 000 | 00448nam a2200169Ia 4500 | ||
|---|---|---|---|
| 008 | 230917s9999||||xx |||||||||||||| ||und|| | ||
| 020 | _cRS820 | ||
| 040 |
_e211198 _aMAIN |
||
| 041 | _aEnglish | ||
| 082 | _a297.09587 O1I | ||
| 100 | _aOlcott, Martha Brill | ||
| 245 | 0 | _aIn the whirlwind of jihad | |
| 260 |
_aNew Delhi _bKnowledge World _c2013 |
||
| 300 | _axiii, 415 p. | ||
| 500 | _a3632 21/10/2013 426 25/10/2013 Main Budget | ||
| 942 | _cBK | ||
| 999 |
_c32900 _d32900 |
||